00585nam a2200169Ia 4500008004000000020001800040082001500058100002200073245002700095260002900122300001000151650004300161690001500204906001100219999001900230952016600249210210b2003 xxu||||| |||| 00| 0 eng d a0 7619 9649 4 a070.1 KOHI aKOHLI and VANITA. aIndian media business. aNDbResponse Booksc2003 ax,258 aPress television films music radio aJournalism a059226 c106316d106316 001040708JournalismaALbALcJournalismd2021-02-17eHigginbothams (P) Ltd., Mangalore 01.g280.00l0o070.1 KOHIp059226r2021-02-17 00:00:00w2021-02-17yBK